[Event "GER-chT U14"]
[Site "Magdeburg"]
[Date "2010.12.30"]
[Round "7.3"]
[White "Duchow, Julien"]
[Black "Bingert, Tim Niklas"]
[Result "1-0"]
[WhiteElo "1568"]
[BlackElo "1654"]
[PlyCount "127"]
[EventDate "2010.12.27"]
[EventType "team-swiss"]
[EventRounds "7"]
[EventCountry "GER"]
[SourceTitle "CBM 140 Extra"]
[Source "ChessBase"]
[SourceDate "2011.03.01"]
[SourceVersion "1"]
[SourceVersionDate "2011.03.01"]
[SourceQuality "1"]
[WhiteTeam "Wildeshausen"]
[BlackTeam "Langen"]
[WhiteTeamCountry "GER"]
[BlackTeamCountry "GER"]

1. e4 c5 2. Nf3 Nc6 3. d4 cxd4 4. Nxd4 g6 5. Nc3 Bg7 6. Be3 Nf6 7. Bc4 0-0 8. Bb3 d6 9. f3 Bd7 10. Qd2 a6 11. 0-0-0 Na5 12. Kb1 Nxb3 13. Nxb3 b5 14. g4 Rb8 15. Bh6 a5 16. Bxg7 Kxg7 17. h4 h5 18. g5 Ne8 19. f4 e6 20. Qd4+ Kh7 21. e5 d5 22. Qc5 Nc7 23. Qf2 a4 24. Nc5 Qe7 25. Nxd7 Qxd7 26. Ne4 Qc6 27. Nf6+ Kg7 28. Rh3 Ne8 29. Rc3 Qb7 30. Qc5 Nxf6 31. gxf6+ Kg8 32. Qe7 Qxe7 33. fxe7 Rfc8 34. Rdd3 f5 35. Rxc8+ Rxc8 36. Rc3 Re8 37. Rc5 Rxe7 38. Rxb5 Ra7 39. c3 Kf7 40. Kc2 Ke7 41. Kd3 Kd7 42. Rb6 Rc7 43. b3 axb3 44. axb3 Ra7 45. Kd4 Ra2 46. Kc5 Ra5+ 47. Kb4 Ra2 48. Rd6+ Ke7 49. Kc5 Rc2 50. c4 dxc4 51. bxc4 Rh2 52. Kb6 Rxh4 53. c5 Rxf4 54. c6 Re4 55. c7 Rxe5 56. Rd3 Rd5 57. Rxd5 exd5 58. c8Q Kf6 59. Qd8+ Ke5 60. Qe7+ Kf4 61. Qd6+ Ke3 62. Qxg6 f4 63. Qxh5 d4 64. Qe5+ 1-0

[Event "GER-chT U14"]
[Site "Magdeburg"]
[Date "2010.12.27"]
[Round "1.3"]
[White "Spilke, Paul"]
[Black "Duchow, Julien"]
[Result "1-0"]
[WhiteElo "1628"]
[BlackElo "1568"]
[PlyCount "140"]
[EventDate "2010.12.27"]
[EventType "team-swiss"]
[EventRounds "7"]
[EventCountry "GER"]
[SourceTitle "CBM 140 Extra"]
[Source "ChessBase"]
[SourceDate "2011.03.01"]
[SourceVersion "1"]
[SourceVersionDate "2011.03.01"]
[SourceQuality "1"]
[WhiteTeam "Baumschulenweg"]
[BlackTeam "Wildeshausen"]
[WhiteTeamCountry "GER"]
[BlackTeamCountry "GER"]

1. d4 Nf6 2. Nf3 d5 3. e3 e6 4. Bd3 c5 5. c3 Nc6 6. Nbd2 Bd6 7. 0-0 0-0 8. Qe2 h6 9. dxc5 Bxc5 10. e4 Qc7 11. exd5 exd5 12. Nb3 Bb6 13. h3 Re8 14. Qc2 Bd7 15. Bd2 Bxh3 16. Bf5 Ng4 17. Nbd4 Nce5 18. Bxg4 Bxg4 19. Nxe5 Qxe5 20. Rfe1 Qf6 21. Be3 Bc7 22. Qd2 Qg6 23. Bf4 Bh3 24. g3 Bxf4 25. Qxf4 Re4 26. Rxe4 Qxe4 27. Qxe4 dxe4 28. Re1 Re8 29. f3 f5 30. Kh2 Bg4 31. fxg4 fxg4 32. Kg2 Kf7 33. a3 Kf6 34. Kf2 g5 35. Rh1 Rf8 36. Rf1 Ke5+ 37. Ke2 Rxf1 38. Kxf1 e3 39. Ke2 Ke4 40. Nc2 b6 41. Nxe3 h5 42. Ng2 h4 43. gxh4 gxh4 44. Nxh4 g3 45. b3 a6 46. Ng2 b5 47. a4 bxa4 48. bxa4 a5 49. c4 Kd4 50. Ne3 Kc5 51. Kd3 Kb4 52. Ke2 Kxa4 53. Nc2 Kb3 54. c5 g2 55. Kf2 Kxc2 56. c6 a4 57. c7 a3 58. c8Q+ Kb2 59. Qb7+ Ka1 60. Qg7+ Kb1 61. Qg6+ Kb2 62. Qf6+ Kb1 63. Qf5+ Kb2 64. Qe5+ Kb1 65. Qe4+ Ka1 66. Qe1+ Kb2 67. Qd2+ Kb1 68. Qd3+ Kb2 69. Qd4+ Kb1 70. Qb4+ Ka2 1-0

[Event "GER-chT U12"]
[Site "Arendsee"]
[Date "2009.12.28"]
[Round "4.2"]
[White "Imgrunt, Philipp"]
[Black "Duchow, Julien"]
[Result "1-0"]
[WhiteElo "1548"]
[BlackElo "1515"]
[PlyCount "107"]
[EventDate "2009.12.27"]
[EventType "team-swiss"]
[EventRounds "7"]
[EventCountry "GER"]
[SourceTitle "EXT 2022"]
[Source "ChessBase"]
[SourceDate "2021.10.06"]
[SourceVersion "1"]
[SourceVersionDate "2021.10.06"]
[SourceQuality "1"]
[WhiteTeam "Ettlingen U12"]
[BlackTeam "Wildeshausen U12"]
[WhiteTeamCountry "GER"]
[BlackTeamCountry "GER"]

1. e4 e5 2. Nf3 Nc6 3. Nc3 Nf6 4. d4 exd4 5. Nxd4 Bb4 6. Nxc6 bxc6 7. Bd3 d5 8. exd5 cxd5 9. 0-0 0-0 10. Bg5 c6 11. a3 Bd6 12. Qf3 Rb8 13. Rab1 Re8 14. Ne2 h6 15. Bxf6 Qxf6 16. Qxf6 gxf6 17. b4 Bg4 18. f3 Bd7 19. Nd4 a5 20. bxa5 Bc5 21. c3 Rxb1 22. Rxb1 Re3 23. Rd1 Ba7 24. Kf2 Re8 25. Rb1 Be6 26. a6 Bc8 27. Kf1 Re3 28. Rd1 Rxd3 29. Rxd3 Bxa6 30. Ke2 Bxd3+ 31. Kxd3 c5 32. Nc6 c4+ 33. Kc2 Bc5 34. a4 Kf8 35. a5 Ke8 36. a6 Kd7 37. a7 Bxa7 38. Nxa7 Kd6 39. Nb5+ Ke5 40. Nd4 Kf4 41. Kd2 h5 42. g3+ Kg5 43. Ke3 f5 44. h4+ Kf6 45. Ne2 Kg6 46. Kd4 Kf6 47. Kxd5 Ke7 48. Kxc4 Kd6 49. Kb5 Ke5 50. c4 f4 51. gxf4+ Kd6 52. Kb6 f5 53. c5+ Kd7 54. Kb7 1-0

[Event "GER-chT U12"]
[Site "Arendsee"]
[Date "2009.12.27"]
[Round "1.2"]
[White "Duchow, Julien"]
[Black "Deguenther, Julius"]
[Result "1-0"]
[WhiteElo "1515"]
[BlackElo "1247"]
[PlyCount "104"]
[EventDate "2009.12.27"]
[EventType "team-swiss"]
[EventRounds "7"]
[EventCountry "GER"]
[SourceTitle "EXT 2022"]
[Source "ChessBase"]
[SourceDate "2021.10.06"]
[SourceVersion "1"]
[SourceVersionDate "2021.10.06"]
[SourceQuality "1"]
[WhiteTeam "Wildeshausen U12"]
[BlackTeam "Unterkochen U12"]
[WhiteTeamCountry "GER"]
[BlackTeamCountry "GER"]

1. e4 e5 2. Nf3 Nc6 3. Bb5 a6 4. Ba4 Nf6 5. 0-0 b5 6. Bb3 Be7 7. Re1 0-0 8. c3 d6 9. h3 h6 10. d4 Bb7 11. Nbd2 Qd7 12. Nf1 Rfe8 13. Ng3 Rad8 14. d5 Nb8 15. Nf5 Kh7 16. Nh2 Bf8 17. Ng4 Nxg4 18. Qxg4 g6 19. Ne3 Qxg4 20. Nxg4 Bg7 21. a4 Re7 22. Bc2 c5 23. axb5 axb5 24. Be3 Ba6 25. Ra5 Rb7 26. Rea1 Rb6 27. b4 Rc8 28. g3 h5 29. Nh2 Bh6 30. f4 exf4 31. gxf4 f6 32. Nf3 Rc7 33. Nd2 Bc8 34. Ra7 Rxa7 35. Rxa7+ Rb7 36. Rxb7+ Bxb7 37. bxc5 dxc5 38. Kf2 Nd7 39. Nb3 c4 40. Nd4 Ba6 41. Kf3 Kg7 42. Ne6+ Kh7 43. Nc7 Bc8 44. Nxb5 Nf8 45. h4 Kg7 46. Nd6 Ba6 47. Ba4 Kg8 48. Bb5 Bxb5 49. Nxb5 Nd7 50. Nd6 Nb6 51. Bxb6 Bf8 52. Nxc4 Kf7 1-0

[Event "GER-chT U12"]
[Site "Arendsee"]
[Date "2009.12.27"]
[Round "2.2"]
[White "Sander, Jean Louis"]
[Black "Duchow, Julien"]
[Result "1-0"]
[WhiteElo "1652"]
[BlackElo "1515"]
[PlyCount "51"]
[EventDate "2009.12.27"]
[EventType "team-swiss"]
[EventRounds "7"]
[EventCountry "GER"]
[SourceTitle "EXT 2022"]
[Source "ChessBase"]
[SourceDate "2021.10.06"]
[SourceVersion "1"]
[SourceVersionDate "2021.10.06"]
[SourceQuality "1"]
[WhiteTeam "Hamburger SK U12"]
[BlackTeam "Wildeshausen U12"]
[WhiteTeamCountry "GER"]
[BlackTeamCountry "GER"]

1. e4 c5 2. Nf3 Nc6 3. d4 cxd4 4. Nxd4 g6 5. Nc3 Bg7 6. Be3 Nf6 7. Nxc6 bxc6 8. e5 Ng8 9. f4 d5 10. Be2 Bf5 11. 0-0 e6 12. Bf3 f6 13. g4 Be4 14. Bxe4 dxe4 15. Nxe4 f5 16. Nd6+ Kf8 17. Bc5 Ne7 18. gxf5 gxf5 19. Qh5 Qe8 20. Nxe8 Rxe8 21. Rad1 Rg8 22. Kh1 h6 23. Rd7 a5 24. Bxe7+ Rxe7 25. Rd8+ Re8 26. Rxe8# 1-0

[Event "Niedersachsen-chT U12"]
[Site "Verden an der Aller"]
[Date "2009.05.21"]
[Round "1.2"]
[White "Duchow, Julien"]
[Black "Beier, Jonathan"]
[Result "1-0"]
[WhiteElo "1428"]
[BlackElo "937"]
[PlyCount "75"]
[EventDate "2009.05.21"]
[EventType "team-tourn"]
[EventRounds "7"]
[EventCountry "GER"]
[SourceTitle "EXT 2010"]
[Source "ChessBase"]
[SourceDate "2010.11.25"]
[SourceVersion "1"]
[SourceVersionDate "2010.11.25"]
[SourceQuality "1"]
[WhiteTeam "Wildeshausen"]
[BlackTeam "Oesede Georgsmarienhuette"]
[WhiteTeamCountry "GER"]
[BlackTeamCountry "GER"]

1. e4 e5 2. Nf3 Nc6 3. Bb5 a6 4. Ba4 Nf6 5. 0-0 b5 6. Bb3 Be7 7. Re1 0-0 8. c3 d5 9. exd5 Nxd5 10. Nxe5 Nxe5 11. Rxe5 c6 12. d3 Bd6 13. Re1 Qh4 14. g3 Qh3 15. Re4 Bc5 16. Rh4 Qf5 17. d4 Bd6 18. Bc2 Qf6 19. Bxh7+ Kh8 20. Be4+ Kg8 21. Qh5 Qxh4 22. Qxh4 Re8 23. Qh7+ Kf8 24. Qh8+ Ke7 25. Bg5+ f6 26. Qxg7+ Kd8 27. Bxf6+ Be7 28. Bxe7+ Rxe7 29. Qf8+ Re8 30. Qd6+ Bd7 31. Nd2 Re6 32. Qc5 Nf6 33. Bf5 Re2 34. Qf8+ Ne8 35. Bxd7 Kxd7 36. Qf5+ Kd8 37. b3 Rxd2 38. Qg5+ 1-0

[Event "Niedersachsen-ch U12"]
[Site "Rotenburg"]
[Date "2009.04.06"]
[Round "4"]
[White "Wagner, Dario"]
[Black "Duchow, Julien"]
[Result "1/2-1/2"]
[WhiteElo "1307"]
[BlackElo "1458"]
[PlyCount "52"]
[EventDate "2009.04.04"]
[EventType "swiss"]
[EventRounds "11"]
[EventCountry "GER"]
[SourceTitle "EXT 2010"]
[Source "ChessBase"]
[SourceDate "2010.11.25"]
[SourceVersion "1"]
[SourceVersionDate "2010.11.25"]
[SourceQuality "1"]

1. e4 e5 2. f4 exf4 3. Nf3 g5 4. Bc4 Bg7 5. 0-0 d6 6. d4 Nc6 7. b3 h6 8. Bb2 Bg4 9. Nbd2 Nxd4 10. Rb1 Nxf3+ 11. Nxf3 Bxb2 12. Rxb2 Qf6 13. Rb1 Ne7 14. Qe2 h5 15. Rbe1 h4 16. h3 Bh5 17. e5 dxe5 18. Qxe5 Qxe5 19. Rxe5 f6 20. Re6 Rf8 21. Rfe1 Rf7 22. Nd4 Kf8 23. R6e4 Bg6 24. R4e2 Bh5 25. Re4 Bg6 26. R4e2 Bh5 1/2-1/2

[Event "GER-ch U12"]
[Site "Willingen"]
[Date "2008.05.16"]
[Round "9"]
[White "Duchow, Julien"]
[Black "Zimmermann, Christian"]
[Result "0-1"]
[WhiteElo "1303"]
[BlackElo "1645"]
[PlyCount "68"]
[EventDate "2008.05.11"]
[EventType "swiss"]
[EventRounds "11"]
[EventCountry "GER"]
[SourceTitle "CBM 124 Extra"]
[Source "ChessBase"]
[SourceDate "2008.07.03"]
[SourceVersion "1"]
[SourceVersionDate "2008.07.03"]
[SourceQuality "1"]

1. e4 e5 2. Nf3 Nc6 3. Bb5 a6 4. Bxc6 dxc6 5. 0-0 f6 6. d4 exd4 7. Nxd4 Bd6 8. Nc3 Ne7 9. Be3 0-0 10. Nce2 f5 11. f3 fxe4 12. fxe4 Ng6 13. Qd2 Re8 14. Nc3 Bb4 15. Nde2 Qe7 16. Qd3 Rd8 17. Nd4 c5 18. Qc4+ Kh8 19. Rf7 Qd6 20. Rd1 Ne5 21. Qb3 Nxf7 22. Qxf7 Bxc3 23. bxc3 Bg4 24. Rd2 cxd4 25. Bxd4 Qg6 26. Qxc7 Rd7 27. Qe5 Re8 28. Qg3 Qxe4 29. Rf2 Qe1+ 30. Rf1 Qxg3 31. hxg3 h6 32. Rf4 Bd1 33. Rh4 Kh7 34. g4 g5 0-1

[Event "Niedersachsen-chT U12"]
[Site "Verden an der Aller"]
[Date "2008.05.01"]
[Round "6.2"]
[White "Edel, Fenja"]
[Black "Duchow, Julien"]
[Result "0-1"]
[WhiteElo "879"]
[BlackElo "1217"]
[PlyCount "58"]
[EventDate "2008.05.01"]
[EventType "team"]
[EventRounds "7"]
[EventCountry "GER"]
[SourceTitle "EXT 2009"]
[Source "ChessBase"]
[SourceDate "2008.11.26"]
[SourceVersion "1"]
[SourceVersionDate "2008.11.26"]
[SourceQuality "1"]

1. e4 e5 2. Nc3 Nf6 3. f4 d5 4. fxe5 Nxe4 5. Nf3 Bc5 6. d4 Bb4 7. Bd2 0-0 8. Nxe4 dxe4 9. Bxb4 exf3 10. Bxf8 fxg2 11. Bxg2 Qh4+ 12. Kf1 Bh3 13. Kg1 Bxg2 14. Kxg2 Qe4+ 15. Qf3 Qxc2+ 16. Kh3 Nc6 17. Ba3 Nxd4 18. Qxb7 Qd3+ 19. Kg2 Qe2+ 20. Kg1 Qe3+ 21. Kg2 Qe2+ 22. Kh3 Qh5+ 23. Kg3 Qxe5+ 24. Kg2 Qe2+ 25. Kg1 Nf3+ 26. Qxf3 Qxf3 27. Rc1 Re8 28. Bb4 Re2 29. Rf1 Qg2# 0-1

[Event "Niedersachsen-ch U12"]
[Site "Rotenburg"]
[Date "2008.03.20"]
[Round "10"]
[White "Aldegeerds, Julian"]
[Black "Duchow, Julien"]
[Result "1/2-1/2"]
[WhiteElo "1098"]
[BlackElo "1150"]
[PlyCount "30"]
[EventDate "2008.03.15"]
[EventType "swiss"]
[EventRounds "11"]
[EventCountry "GER"]
[SourceTitle "EXT 2009"]
[Source "ChessBase"]
[SourceDate "2008.11.26"]
[SourceVersion "1"]
[SourceVersionDate "2008.11.26"]
[SourceQuality "1"]

1. e4 c5 2. Nc3 a6 3. Bc4 b5 4. Be2 e6 5. d4 Bb7 6. Bf4 f5 7. Bf3 d5 8. exd5 exd5 9. dxc5 Nf6 10. Bg5 Bxc5 11. Bxf6 Qxf6 12. Nxd5 Qe6+ 13. Qe2 Qxe2+ 14. Nxe2 Ra7 15. 0-0 0-0 1/2-1/2

[Event "Niedersachsen-ch U10"]
[Site "Rotenburg/Wuemme"]
[Date "2007.04.03"]
[Round "6"]
[White "Peters, Tom"]
[Black "Duchow, Julien"]
[Result "1-0"]
[WhiteElo "953"]
[BlackElo "897"]
[PlyCount "122"]
[EventDate "2007.03.31"]
[EventType "swiss"]
[EventRounds "11"]
[EventCountry "GER"]
[SourceTitle "EXT 2008"]
[Source "ChessBase"]
[SourceDate "2007.11.25"]
[SourceVersion "1"]
[SourceVersionDate "2007.11.25"]
[SourceQuality "1"]

1. e4 e5 2. Nf3 Nc6 3. b3 Bc5 4. Bc4 Nf6 5. Nxe5 Nxe5 6. d4 Nxc4 7. bxc4 Be7 8. e5 Ne4 9. 0-0 0-0 10. Re1 Ng5 11. f4 d6 12. fxg5 Bxg5 13. Bxg5 Qxg5 14. exd6 cxd6 15. Nc3 Bf5 16. Nb5 Rad8 17. c3 a6 18. Nc7 Rc8 19. Nd5 Rfe8 20. Rxe8+ Rxe8 21. Qf3 Kf8 22. Nc7 Rc8 23. Qxb7 Rd8 24. Nxa6 Bc8 25. Qb6 Qe3+ 26. Kf1 Bg4 27. Qb2 Qd3+ 28. Kg1 Qxc4 29. Nb4 h5 30. Rf1 Be6 31. a4 Ra8 32. Ra1 Qb3 33. Qxb3 Bxb3 34. a5 Ke8 35. Kf2 Kd7 36. Kg3 g6 37. Kf4 Kc7 38. Kg5 Kd7 39. Kf6 Ke8 40. a6 Kd7 41. d5 Ke8 42. Ra3 Bc4 43. a7 Bb5 44. Nc2 Bc4 45. Ne3 Bb5 46. c4 Bd7 47. h3 Kf8 48. Ra6 Ke8 49. g4 hxg4 50. Nxg4 Bxg4 51. hxg4 Kd7 52. Kxf7 Kc7 53. Kxg6 Rg8+ 54. Kf5 Rf8+ 55. Ke4 Re8+ 56. Kd4 Ra8 57. Ra1 Kb7 58. g5 Re8 59. a8Q+ Rxa8 60. Rxa8 Kxa8 61. g6 Kb7 1-0